000
00317nam a22001337a 4500
008
170816b xxu||||| |||| 00| 0 eng d
020
_a
0130694029
041
_a
eng
080
_2
2ND
_a
311
100
_a
36
101
_a
STA
245
_a
BASIC STATISTICS FOR THE BEHAVIORAL SCIENCES
_c
HOPKINS,K.D
942
_2
udc
_c
BK
999
_c
23662
_d
23662